ETHICS IN ENGINEERING (Record no. 499671)
[ view plain ]
| 000 -LEADER | |
|---|---|
| fixed length control field | 00377nam a22001457a 4500 |
| 020 ## - INTERNATIONAL STANDARD BOOK NUMBER | |
| International Standard Book Number | 0-07-040849-1 |
| 082 ## - DEWEY DECIMAL CLASSIFICATION NUMBER | |
| Classification number | 174.96 MAR |
| 100 ## - MAIN ENTRY--PERSONAL NAME | |
| Personal name | MARTIN, M.W, SCHINZINGER, ROLAND |
| 9 (RLIN) | 59474 |
| 245 ## - TITLE STATEMENT | |
| Title | ETHICS IN ENGINEERING |
| 250 ## - EDITION STATEMENT | |
| Edition statement | 3RD ED |
| 260 ## - PUBLICATION, DISTRIBUTION, ETC. | |
| Name of publisher, distributor, etc. | MCGRAW HILL |
| Date of publication, distribution, etc. | 1996 |
| 300 ## - PHYSICAL DESCRIPTION | |
| Extent | XV,439P |
| 650 ## - SUBJECT ADDED ENTRY--TOPICAL TERM | |
| Topical term or geographic name entry element | ETHICS IN ENGINEERING.ENGINEERING ETHICS |
| 9 (RLIN) | 59475 |
| 942 ## - ADDED ENTRY ELEMENTS (KOHA) | |
| Koha item type | Book |
| Source of classification or shelving scheme | |
| Withdrawn status | Lost status | Source of classification or shelving scheme | Damaged status | Not for loan | Permanent Location | Current Location | Date acquired | Total Checkouts | Total Renewals | Full call number | Barcode | Date last seen | Date last checked out | Price effective from | Koha item type |
|---|---|---|---|---|---|---|---|---|---|---|---|---|---|---|---|
| School of Civil and Environmental Engineering (SCEE) | School of Civil and Environmental Engineering (SCEE) | 11/13/2019 | 4 | 4 | 620 MAR | NIT-12137 | 02/07/2025 | 09/11/2024 | 11/13/2019 | Book | |||||
| School of Civil and Environmental Engineering (SCEE) | School of Civil and Environmental Engineering (SCEE) | 11/13/2019 | 4 | 620 MAR | NIT-12138 | 05/30/2025 | 02/11/2025 | 11/13/2019 | Book | ||||||
| School of Civil and Environmental Engineering (SCEE) | School of Civil and Environmental Engineering (SCEE) | 01/13/2022 | 620 MAR | NIT-13462 | 01/13/2022 | 01/13/2022 | Book | ||||||||
| School of Civil and Environmental Engineering (SCEE) | School of Civil and Environmental Engineering (SCEE) | 01/13/2022 | 620 MAR | NIT-13463 | 01/13/2022 | 01/13/2022 | Book | ||||||||
| School of Civil and Environmental Engineering (SCEE) | School of Civil and Environmental Engineering (SCEE) | 01/13/2022 | 1 | 1 | 620 MAR | NIT-13464 | 04/15/2025 | 10/02/2024 | 01/13/2022 | Book |
